000 00457nam a22001457a 4500
005 20170828144332.0
020 _a8170003121
_c1200.00
035 _aB-058635
037 _aDPL
_bENG
100 _aDhyani, Pushpa
245 _aDhyani's glossarium of Library and Information Science terms :
_bEngligh-Hindi /
_cby Pushpa Dhyani
260 _aNew Delhi
_bEss Ess Publications
_c2002
300 _a589p.
_c20 cms.
942 _2ddc
_cEN
_h020.3
_mDHY
999 _c63272
_d63272